• 首页
  • 本馆介绍
  • 公告通知
  • 最新文献
  • 馆藏检索
  • 电子资源
  • 读者导购
  • 参考咨询
  • 我的图书馆
  • 登录
  • 详细信息显示
  • 放入我的书架
  • 预约/预借图书
  • 作者相关作品
  • 分类相关作品
  • 丛书相关作品
  • 出版社相关作品

书目信息

  • 表格格式
  • 工作单格式
  • 卡片格式
题名:
李斯特论柏辽兹与舒曼
    
 
作者: 李斯特 , Liszt 著 ;张洪岛 译
分册:  
出版信息: 北京   人民音乐出版社  1962
页数: 174页
开本: 20cm
丛书名:
单 册:
中图分类: J05
科图分类:
主题词: 音乐欣赏-柏辽兹,H , 音乐欣赏-舒曼,R , 艺术评论 , 艺术--鉴赏
电子资源:
ISBN:
000 00863nam0 2200313 45
001 0179002281
005 20040512092911.0
010    @dCNY0.96
091    @a8026.1496
100    @a19950724e19791962em y0chiy0121 ea
101 1  @achi@chun
102    @aCN@b110000
105    @ay z 000yy
106    @ar
200 10 @a李斯特论柏辽兹与舒曼@Ali si te lun bai liao zi yu shu man@f(匈)李斯特(F.Liszt)著@g张洪岛等译
210    @a北京@c人民音乐出版社@d1962@h1979重印
215    @a174页@d20cm
600  1 @a柏辽兹,H@x生平事迹
600  1 @a舒曼@bR@x生平事迹
606    @a音乐欣赏-柏辽兹,H
606    @a音乐欣赏-舒曼,R
606 0  @a艺术评论
606 0  @a艺术@x鉴赏
690    @aJ05@v3
701  1 @a李斯特@Ali si te@bF.@4著
701 A1 @aLiszt@bF.@4著
702  0 @a张洪岛@Azhang hong dao@4译
801  0 @aCN@bNLC@c20040512
905    @f1@b24096@dJ05@e11
    
    李斯特论柏辽兹与舒曼/(匈)李斯特(F.Liszt)著/张洪岛等译.-北京:人民音乐出版社,1962(1979重印)
    174页;20cm
    
    
    ISBN :CNY0.96
    
●
相关链接 在E读中查询图书 在五车中查询图书 在当当中查询图书 在豆瓣中查询图书


正题名:李斯特论柏辽兹与舒曼     索取号:J05/11         预约/预借

序号 登录号 条形码 馆藏地/架位号 状态 备注
1 0024096   001216115   第一借阅区/ [索取号:J05/11] 在馆    
唐山师范学院图书馆 欢迎您!
大连网信软件有限公司© 版权所有